Ч. 2; Учебник немецкого языка

التفاصيل البيبلوغرافية
Parent link:Учебник немецкого языка/ А. Я. Берхина, В. Б. Елинсон, Г. М. Стендер; под ред. И. В. Рахманова. Ч. 2.— 3-е изд..— , 1957
اللغة:الألمانية
الروسية
منشور في: 1957
الموضوعات:
التنسيق: كتاب
KOHA link:https://koha.lib.tpu.ru/cgi-bin/koha/opac-detail.pl?biblionumber=333276

MARC

LEADER 00000nam2a2200000 4500
001 333276
005 20231102004535.0
035 |a (RuTPU)RU\TPU\book\359271 
035 |a RU\TPU\book\359268 
090 |a 333276 
100 |a 20170608d1957 m y0rusy50 ca 
101 0 |a ger  |a rus 
102 |a RU 
105 |a a j 001zy 
200 0 |a Ч. 2 
210 |d 1957 
215 |a 399 с.  |c ил. 
320 |a Словарь: с. 340-393 
461 1 |0 (RuTPU)RU\TPU\book\359337  |t Учебник немецкого языка  |f А. Я. Берхина, В. Б. Елинсон, Г. М. Стендер  |g под ред. И. В. Рахманова  |v Ч. 2  |e 3-е изд.  |d 1957 
606 1 |a Немецкий язык  |x Учебные руководства и пособия для вузов  |2 stltpush  |3 (RuTPU)RU\TPU\subj\45394  |9 64636 
610 1 |a лексика 
610 1 |a грамматика 
610 1 |a устная речь 
610 1 |a письмо 
610 1 |a тексты 
610 1 |a переводы 
686 |a Ш143.24-923  |v LBC/SL-A  |2 rubbk 
801 1 |a RU  |b 63413507  |c 20170608 
801 2 |a RU  |b 63413507  |c 20170613  |g RCR 
942 |c BK